000 00526nam a2200181Ia 4500
008 100920s9999 xx 000 0 und d
082 _b98489
_a891.461 न 07
100 _aदेवल चंद्रप्रकाश.
245 _aबोल माधवी.
260 _bराजहंस, पुणे.
_c2007
300 _a136
_bसाधी
365 _b125
520 _aपदय.
630 _aबोल माधवी.
650 _aपदय.
730 _aबोल माधवी.
942 _cBOOK
999 _c738927
_d738924